000 00980nam a2200253 4500
001 12766
003 ES-MaACL
005 20250731023016.0
007 t|
008 000000s1990 sp ||||0| spa d
016 7 _z05422549
020 _a84-7232-563-6
080 _a008(460+ 8.03:73)
245 0 0 _aCulturas hispanas en los Estados Unidos de América
_b: Tercer Congreso Internacional "Culturas Hispanas de los Estados Unidos de América: hacia la nueva síntesis" (Barcelona-Torredembarra, España, junio 1988) /
_cedición a cargo de María Jesús Buxó Rey y Tomás Calvo Buezas.
260 _aMadrid :
_bCultura Hispánica,
_c1990.
300 _a767 p. ;
_c24 cm.
490 1 _aColección hispana
651 4 _aEspaña-
_xCivilización-
_xInfluencia norteamericana
_98165
700 1 _aBuxó Rey, María Jesús.
_932987
700 1 _aCalvo Buezas, Tomás.
_933872
830 1 _aColección hispana
_9179355
852 _aES-MaACL
_jL-20000
999 _c12766
_d12766